Об ассигновании кредита на содержание усиленного состава полиции в гор. Баку для борьбы с забастовками рабочих на нефтяных промы...

RUSMARC
00005268cam2a2200000#x 450
001e5b479c502e5448e871eea338cab8a40
00520230904153030.0
100##$a20130919l19061906k y0rusy0189 ca
1010#$arus
102##$aRU
251##$cДело
2250#$aФонд Совет министров (1905-1917)
$hОпись № 2
$i1906 г.
300##$aПечатный текст
324##$aПленка
801#0$aRU
$bРГИА
$c20130919
801#1$aRU
$bГлавНИВЦ
$c20130919
$2rusmarc
801#2$aRU
$bПБ им. Б.Н. Ельцина
$c20130919
$gRCR
$2rusmarc
850##$aФедеральное казенное учреждение "Российский государственный исторический архив"
852##$aРГИА
$j156
937##$aASBIBLIO_SCAN
$bРГИА_1276:_2:_156:
$d1007649
$hРГИА
2001#$aОб ассигновании кредита на содержание усиленного состава полиции в гор. Баку для борьбы с забастовками рабочих на нефтяных промыслах
$j30 мая - 21 июня 1906 года
215##$a6 листов
035##$ae5b479c502e5448e871eea338cab8a40
1222#$ad19060530##
$ad19060621##
461#0$1001c7912e80-a322-4844-9992-beca65726c82
$12001
$aСовет министров (1905-1917)
$1251
$cФонд
$1852
$j1276
462#0$1001d664bd18-3b24-453a-bfae-1f3e6e7cc1e9
$12001
$a1906 г.
$vД. 156
$1251
$cОпись
$1852
$j2
6061#$2nlr_sh1
$3RU\NLR\AUTH\66268788
$aБуржуазно-демократическая революция
$z1905 - 1907
$yБаку, город (Азербайджан)
$jАрхивные дела
6061#$aПолитическая полиция
$2nlr_sh
$3RU\NLR\AUTH\661255109
$xИстория
$yРоссия
$jАрхивные дела
605##$2acquisition_Prlib
$3LIBNET\UAF\0000078205
$aРоссия – Азербайджан: из истории взаимоотношений
$lколлекция
605##$2acquisition_Prlib
$3DITM\AF\0000003834
$aНарод
$lколлекция
605##$2acquisition_Prlib
$3DITM\AF\0000002775
$aВласть
$lколлекция
605##$aТерритория
$lколлекция
$2acquisition_Prlib
$3DITM\AF\0000004675
686##$2rubbk
$a63.3(5Азе)6-36ю11
$vLBC/M
Формат отображения